000
00333nam a2200145Ia 4500
005
20251222152031.0
008
251222s9999||||xx |||||||||||||| ||spa||
020
_a
8422650185
082
_a
813.54/K59
100
_a
Klavan, Andew
245
0
_a
La Hora Animal
250
_a
1ra.ed.
264
_b
CĂrculo de Lectores
942
_c
LIB
999
_c
25653
_d
25653